Geometría analítica.

Zapisane w:
Opis bibliograficzny
1. autor: Lehmann, Charles H (autor)
Format: Książka
Wydane: México D.F., México: UTEHA, 1959.
Hasła przedmiotowe:
Etykiety: Dodaj etykietę
Nie ma etykietki, Dołącz pierwszą etykiete!

MARC

LEADER 00000nam a2200000 a 4500
001 UCR8043
003 CL-VaPUC
005 20230613093016.0
008 221024t1959 ||||| |||| 00| 0 eng d
999 |c 269609  |d 269607 
040 |c Pontificia Universidad Católica de Valparaíso 
082 0 4 |a 516.3 LEH 1959  |2 21 
100 |a Lehmann, Charles H  |e autor  |9 598163 
245 1 0 |a Geometría analítica. 
260 |a México D.F., México:   |b UTEHA,  |c 1959. 
300 |a 494 páginas. 
500 |a c.4. Donación Carolina Astudillo. Memo 13/10/2022 
583 |a last modification  |c 19980519 00:00:00  |k Rodrigo Vera 
650 0 |a Geometría analítica   |9 260062 
942 |c BK  |2 ddc 
945 |d 19980519 00:00:00  |a crobeson 
952 |0 0  |1 0  |4 0  |6 516_300000000000000_LEH_1959  |7 0  |8 A  |9 303396  |a BIBENE  |b BIBENE  |d 2019-11-20  |i 1402668  |o 516.3 LEH 1959  |p 1402668  |r 2025-01-15  |w 2019-11-20  |y BK  |k ICO 
952 |0 0  |1 0  |4 0  |6 516_300000000000000_LEH_1959  |7 0  |8 A  |9 303397  |a BIBMAT  |b BIBMAT  |d 2019-11-20  |i 309491K  |o 516.3 LEH 1959  |p 309491K  |r 2025-01-07  |w 2019-11-20  |y BK  |k MAT 
952 |0 0  |1 0  |4 0  |6 516_300000000000000_LEH_1959  |7 0  |8 A  |9 303398  |a BIBMAT  |b BIBMAT  |d 2019-11-20  |i 3299562  |o 516.3 LEH 1959  |p 3299562  |r 2025-01-07  |w 2019-11-20  |y BK  |k MAT 
952 |0 0  |1 0  |2 ddc  |4 0  |6 516_300000000000000_LEH_1959  |7 0  |8 A  |9 587465  |a BIBALI  |b BIBALI  |c GEN  |d 2022-10-24  |e Donación  |i 5655352  |o 516.3 LEH 1959  |p 5655352  |r 2025-01-20  |t 4  |w 2022-10-24  |y BK  |k ALI